000 00537nam a2200217Ia 4500
003 OSt
005 20221005124500.0
006 a|||||r|||| 00| 0
007 ta
008 221004b |||||||| |||| 00| 0 mar d
024 _a46154
037 _cTextual
040 _aCRL
_cCRL
_bmar
041 _2mar
_amar
082 _aZwM50, 155M0
100 _aKarnatki Naryana
_9635306
245 0 _aNaamdar nyaymurti
650 _aLAW
942 _hZwM50, 155M0
_cTEXL
_2cc
999 _c1050626
_d1050626